|
|
|
|
| LEADER |
00000nab a2200000 ar4500 |
| 001 |
vtls009187387 |
| 003 |
SK-MaSNL |
| 005 |
20260303043829.0 |
| 008 |
080228c2007 xo br|p||| |000 b|slo |
| 015 |
|
|
|a SNBRB2008/02
|
| 038 |
|
|
|a SPK
|
| 040 |
|
|
|a SPKCL
|b slo
|c 1997
|e AACR2
|
| 041 |
0 |
|
|a slo
|
| 044 |
|
|
|a xo
|c SK
|
| 072 |
|
7 |
|a 371
|x Školstvo (organizácia)
|2 konspekt
|
| 072 |
|
7 |
|a 37.014
|x Vzdelávacia a výchovná politika
|2 konspekt
|
| 080 |
|
|
|a 371
|2 UDC-MRF-SK2
|
| 080 |
|
|
|a 37.014.543
|2 UDC-MRF-SK2
|
| 245 |
0 |
0 |
|a Úpravy financovania regionálneho školstva
|
| 300 |
|
|
|b Príl.
|
| 650 |
0 |
7 |
|a regionálne školstvo
|2 snkbucl
|9 29170
|
| 650 |
0 |
7 |
|a financovanie školstva
|2 snkbucl
|9 397418
|
| 773 |
0 |
|
|t Škola : časopis o manažovaní škôl a školských zariadení, ekonomických a právnych aspektoch ich prevádzky
|g Roč. XII, č. 6 (2007), s. 11-26
|x 1335-1796
|
| 852 |
|
|
|a SPK
|b KIS3GCP
|
| 999 |
|
|
|c 1698419
|d 1700349
|